000 01354nam a2200337 a 4500
003 EG-GICUC
005 20260303122725.0
008 260303s1977 ua ||||fr|||| 000 0 ara d
017 _a77/5108
020 _a977-7191-41-3
040 _a EG-GICUC
_bara
_c EG-GICUC
_d EG-GICUC
_erda
041 0 _aara
082 0 4 _221
_a341.44
_bم ع . ن
092 0 4 _221
099 _aLaw1 11 1977 341.44 م ع .ن
111 2 _aمعهد البحوث والدراسات العربية ،
_eمؤلف.
245 1 0 _aندوة قانون البحار الجديد والمصالح العربية :
_bالقاهرة : ١٢-١٤ يناير "كانون الثاني " ١٩٧٦ /
_cتأليف معهد البحوث والدراسات العربية .
264 3 _aالقاهرة :
_bدار غريب ،
_c١٩٧٧ .
300 _a124 صفحة؛
_bإيضاحيات، صور، مثيليات ؛
_c24 سم
336 _2rda content
_atext
337 _2rda media
_aComputer
338 _2rda carrier
_aOnline Resource
504 _a ببليوجرافيا: صفحات 113- 125.
546 _aالنص باللغة العربية
650 1 4 _aالقانون الدولي العام
_2qrmak
651 1 _2qrmak
653 _aقانون البحار
856 4 0 _uhttps://fll.law.cu.edu.eg/fulltext/conf/B11-04092.pdf
905 _a76
942 _2ddc
_cBK
_e21
_n0
999 _c64717
_d64717